Evaluation of certain food additives

Saved in:
Bibliographic Details
Format: Book
Language:Undetermined
Published: Geneva World Health Organzation 1980
Subjects:
Tags: Add Tag
No Tags, Be the first to tag this record!
Institutions: Trung tâm Học liệu Trường Đại học Cần Thơ
LEADER 00423nam a2200157Ia 4500
001 CTU_81517
008 210402s9999 xx 000 0 und d
082 |a 664 
082 |b E92 
245 0 |a Evaluation of certain food additives 
260 |a Geneva 
260 |b World Health Organzation 
260 |c 1980 
650 |a Food additives 
904 |i Trọng Hải 
980 |a Trung tâm Học liệu Trường Đại học Cần Thơ